Valuing our heritage (Record no. 106484)

MARC details
000 -LEADER
fixed length control field 01395cam a2200217 4500
001 - CONTROL NUMBER
control field L136711
008 - FIXED-LENGTH DATA ELEMENTS--GENERAL INFORMATION
fixed length control field 070219n2007 000 0 eng u
035 ## - SYSTEM CONTROL NUMBER
System control number (Sirsi) u136711
041 0# - LANGUAGE CODE
Language code of text/sound track or separate title eng
050 ## - LIBRARY OF CONGRESS CALL NUMBER
Classification number 690.241 $2 18
110 2# - MAIN ENTRY--CORPORATE NAME
Corporate name or jurisdiction name as entry element English Heritage
9 (RLIN) 2714
245 00 - TITLE STATEMENT
Title Valuing our heritage
Remainder of title the case for future investment in the historic environment
Medium [electronic resource]
260 ## - PUBLICATION, DISTRIBUTION, ETC.
Place of publication, distribution, etc. London
Name of publisher, distributor, etc. English Heritage
Date of publication, distribution, etc. 2007
505 2# - FORMATTED CONTENTS NOTE
Formatted contents note Valuing our heritage -- Introduction -- People care -- Benefits of investment -- Democratisation -- The state of England's historic environment -- Priorities for the future.
520 ## - SUMMARY, ETC.
Summary, etc. Sets out the benefits of investment in the historic environment and the case for targeted increases in funding to: support the implementation of the new heritage protection system; maintain the fabric of our heritage by increasing funding for restoration and preventative maintenance including for listed places of worship; restore English Heritage's grant in aid to 1997 levels; and broaden audiences and get more people involved with the historic environment .
590 ## - LOCAL NOTE (RLIN)
Local note KA
651 #4 - SUBJECT ADDED ENTRY--GEOGRAPHIC NAME
Geographic name England
Chronological subdivision 886-
690 ## - LOCAL SUBJECT ADDED ENTRY--TOPICAL TERM (OCLC, RLIN)
Topical term or geographic name as entry element BUILT ENVIRONMENT-BUILDING MAINTENANCE AND REFURBISHMENT-BUILDING CONSERVATION
856 40 - ELECTRONIC LOCATION AND ACCESS
Uniform Resource Identifier <a href="https://www.english-heritage.org.uk/server/show/ConWebDoc.9948">https://www.english-heritage.org.uk/server/show/ConWebDoc.9948</a>
Public note View the report free of charge at www.english-heritage.org.uk...
942 ## - ADDED ENTRY ELEMENTS (KOHA)
Suppress in OPAC 0
Holdings
Withdrawn status Lost status Source of classification or shelving scheme Damaged status Not for loan Home library Current library Shelving location Date acquired Total Checkouts Full call number Barcode Date last seen Copy number Price effective from Koha item type
    Dewey Decimal Classification     Virtual Virtual Online 19/02/2007   ONLINE PUBLICATION 136711-1001 06/08/2019 1 06/08/2019 Book